000 01547nam a22004457a 4500
001 000095896
003 CHAP
005 20220817044115.0
008 060606d2006 mx r 00110 spa d
010 _a92362
011 _a93334
035 _a103906
040 _cCHAP
090 _aTesis
100 1 _aVega Alvarez, Isrrael
_9118240
245 1 2 _aLa agroecología en el contexto neoliberal /
_c/por Isrrael Vega Alvarez.
260 _aChapingo, Méx. :
_bEl autor,
_c2006.
300 _a131 h.
502 _aTesis (Ing. en Agroecología) -- UACH. Departamento de Agroecología
590 _aALEPH
_b10
_c20130110
_lUCH01
_h1512
590 _aBATCH-UPD
_b10
_c20130110
_lUCH01
_h0800
590 _aBATCH-UPD
_b10
_c20130410
_lUCH01
_h0439
590 _aBATCH-UPD
_b10
_c20130913
_lUCH01
_h2225
590 _aBATCH-UPD
_b10
_c20140324
_lUCH01
_h1457
590 _aBATCH-UPD
_b10
_c20141002
_lUCH01
_h0830
590 _aCONVERSION
_b10
_c20130109
_lUCH01
_h1351
590 _aE5765TAJ
_b10
_c20130606
_lUCH01
_h1126
650 1 4 _aAgricultura orgánica.
_92005
650 1 4 _aAgricultura sustentable.
650 1 4 _aEcología agrícola.
_935165
650 1 4 _aGlobalización.
_948300
650 1 4 _aNeoliberalismo.
_980855
856 _3Finding aid
_uhttp://10.13.5.2/tesis/103906.pdf
_zTeclea aquí
901 _aBK
905 _aAlejandra Carrasco M.
942 _cCD
942 _n0
949 _aTesis
_bBC
_cTES
_d00000001039061
_eTS1
_gDonaciØn
_h45357
_i103906
_sb
949 _aTesis
_bBC
_cTES
_d33724000992095
_eTS2
_fc.2
_gDonaciØn
_h45358
_i103906
_si
999 _c92362
_d92362